Conflitos de genero na inquisicao : análise fundamentada em Michel Foucault e na epistemologia feminista
Entre as varias possibilidades análise da inquisicao, uma das interpretacoes possiveis e a compreensao critica com base em suas práticas discursivas. Para isso, neste artigo, analisamos a construcao discursiva do 'Manual dos inquisidores (Directorium Inquisitorum) e de 'O Martelo das feit...
Guardado en:
| Hovedforfatter: | |
|---|---|
| Format: | Ukendt |
| Udgivet: |
Goiania:
|
| Fag: | |
| Tags: |
Tilføj Tag
Ingen Tags, Vær først til at tagge denne postø!
|
MARC
| LEADER | 000000000a22000000004500 | ||
|---|---|---|---|
| 001 | 000664 | ||
| 022 | |a 14149494 | ||
| 041 | 0 | |a portugués | |
| 092 | 0 | |a 100 F | |
| 100 | 1 | |a Amado, Wolmir | |
| 245 | 1 | 0 | |a Conflitos de genero na inquisicao : análise fundamentada em Michel Foucault e na epistemologia feminista |
| 260 | |a Goiania: | ||
| 310 | |a Bimestral | ||
| 520 | |a Entre as varias possibilidades análise da inquisicao, uma das interpretacoes possiveis e a compreensao critica com base em suas práticas discursivas. Para isso, neste artigo, analisamos a construcao discursiva do 'Manual dos inquisidores (Directorium Inquisitorum) e de 'O Martelo das feiticeiras' (Mlleus Maleficarum). Em tais obras sao verificados os sistemas de valores, as sociedades do discurso, as reprentacoes sociais, o regime de verdade, a tecnologia de género e a repressao sistemática as mulheres. | ||
| 650 | 4 | |a INQUISICION | |
| 650 | 4 | |a PRACTICA DISCURSIVA | |
| 650 | 4 | |a GENERO | |
| 650 | 4 | |a CONTROL DISCIPLINARIO | |
| 650 | 4 | |a VIOLENCIA O VERDAD | |
| 773 | 0 | |t Fragmentos de cultura | |
| 773 | 0 | |g 12 | |
| 773 | 0 | |g 6 | |
| 773 | 0 | |g 2002 | |
| 773 | 0 | |g 1181-1194 páginas | |
| 999 | |c 941 |d 941 | ||
